Countries Colonized by The United States by Continent - Statistics

General Stats
  • This quiz has been taken 205 times
  • The average score is 9 of 12
Answer Stats
Hint Answer % Correct
North America Cuba
93%
Asia Philippines
91%
North America Mexico
86%
North America Haiti
80%
Oceania Marshall Islands
78%
North America Dominican Republic
76%
Oceania F.S. Micronesia
76%
Africa Liberia
76%
Oceania Palau
74%
North America Panama
73%
Oceania Kiribati
65%
North America Nicaragua
60%
No matching quizzes found
Score Distribution
Percent of People with Each Score
Percentile by Number Answered
Your Score History
You have not taken this quiz